| 000 | 00734nam a2200241Ia 4500 | ||
|---|---|---|---|
| 008 | 191130s1980##################000#0#eng## | ||
| 020 | _a9780898590210 | ||
| 022 | _a79028232 | ||
| 040 |
_aACL _cACL |
||
| 082 | _a401 CLA | ||
| 245 |
_aThe social and psychological contexts of language _cedited by Robert N. St. Clair, Howard Giles |
||
| 260 |
_aHillsdale, N.J _bL. Erlbaum Associates _c1980 |
||
| 300 | _ax, 338 p. : ill. ; 24 cm | ||
| 500 | _aIncludes index. Bibliography: p. 299-324 | ||
| 650 | _aCommunication | ||
| 650 | _aLinguistics | ||
| 650 | _aSocial psychology | ||
| 700 | _aGiles, Howard | ||
| 700 | _aSt. Clair, Robert N | ||
| 990 | _ad98dcf4eac10000c0f5ce200db41d33e | ||
| 991 | _a367882 | ||
| 999 |
_c70416 _d70416 |
||